| 000 | 01063ngm a22002650a 4500 | ||
|---|---|---|---|
| 001 | PT35353 | ||
| 003 | AR-LpoUNG | ||
| 005 | 20210202000444.0 | ||
| 007 | vd cvaizq | ||
| 008 | 191001s1995||||sp |||||||||||||||||spa d | ||
| 040 |
_aAR-LpoUNG _bspa _cAR-LpoUNG _eaacr |
||
| 041 | _aspa | ||
| 044 | _asp | ||
| 082 | 0 | _a808.825 24dia | |
| 100 | 1 |
_aIglesia, Álex de la _edir. |
|
| 245 | 1 | 3 | _aEl dia bestia |
| 260 |
_aMadrid : _bSogepaq, _c1995. |
||
| 300 | _aVHS (100 min.) : son., col. | ||
| 520 | _aUn sacerdote está completamente seguro que el anticristo nacerá el 25 de diciembre de 1995 en Madrid. Según las revelaciones del apocalipsis, que él pudo deducir. Para poder evitar el nacimiento se unirá con un joven aficionado al death metal, José Mari y un profesor Cavan, que presenta un programa de televisión sobre el mundo esotérico y sobrenatural. Ellos deberán averiguar en qué lugar nacerá y para ello deben de invocar al diablo. | ||
| 651 | 4 | _aArgentina | |
| 653 | _aCOMEDIA | ||
| 653 | _aVIDEOS | ||
| 905 | _a35353 | ||
| 942 | _cVIDEO | ||
| 999 |
_c54878 _d54878 |
||